BUBT Library Online Catalog

Theoretical Criminology (Record no. 3160)

000 -LEADER
fixed length control field 00612nam a2200229Ia 4500
003 - CONTROL NUMBER IDENTIFIER
control field BUBTL
008 - FIXED-LENGTH DATA ELEMENTS--GENERAL INFORMATION
fixed length control field 151213s9999 xx 000 0 und d
020 ## - INTERNATIONAL STANDARD BOOK NUMBER
International Standard Book Number 0-19-502530-X
082 ## - DEWEY DECIMAL CLASSIFICATION NUMBER
Classification number 364 / V882t /1979
100 ## - MAIN ENTRY--PERSONAL NAME
Personal name Vold, George B.
9 (RLIN) 4199
245 ## - TITLE STATEMENT
Title Theoretical Criminology
Statement of responsibility, etc. George B. Vold
250 ## - EDITION STATEMENT
Edition statement 2nd
260 ## - PUBLICATION, DISTRIBUTION, ETC. (IMPRINT)
Place of publication, distribution, etc. New York
Name of publisher, distributor, etc. Oxford University Press
Date of publication, distribution, etc. c1979
300 ## - PHYSICAL DESCRIPTION
Extent [xii] , 433 p . :
Dimensions 22 cm.
500 ## - GENERAL NOTE
General note Includes Index .
650 ## - SUBJECT ADDED ENTRY--TOPICAL TERM
Topical term or geographic name as entry element Law
650 ## - SUBJECT ADDED ENTRY--TOPICAL TERM
Topical term or geographic name as entry element Law
9 (RLIN) 4200
700 ## - ADDED ENTRY--PERSONAL NAME
Personal name George B. Vold
856 ## - ELECTRONIC LOCATION AND ACCESS
Password 0
Logon 0
Link text Download
942 ## - ADDED ENTRY ELEMENTS (KOHA)
Source of classification or shelving scheme
Koha item type Books
Holdings
Withdrawn status Lost status Source of classification or shelving scheme Damaged status Not for loan Collection code Permanent location Current location Shelving location Date acquired Source of acquisition Inventory number Total Checkouts Full call number Barcode Date last seen Copy number Price effective from Koha item type
        Not For Loan Non-fiction Bangladesh University of Business and Technology Library Bangladesh University of Business and Technology Library Law Stacks 01/27/2008 Purchase 5116   364 / V882t / 1979 BUBTL-20035116 09/22/2021 C-1 09/22/2021 Books
          Non-fiction Bangladesh University of Business and Technology Library Bangladesh University of Business and Technology Library Law Stacks 01/27/2008 Purchase 5117   364 / V882t / 1979 BUBTL-20035117 09/22/2021 C-2 09/22/2021 Books

More Information About Library

Library Hours

  • Open: 9.00 am. to 9.00 pm.
  • Only Sunday: 9.00 am. to 6.00 pm.
  • Closed: Holiday

Contact to the University

Bangladesh University of Business and Technology Library

  • Mirpurl-2, 1216.
  • Phone:
  • Fax:
  • E-Mail: admin.library@bubt.edu.bd

Contact to the Library

Contact Person:

Md. Abdul Hakim Shah
Joint Librarian
PABX No:  113
Cell No: 01816332931
E-mail: official: admin.library@bubt.edu.bd
Personal: hakim.shah@bubt.edu.bd


BUBT Library

Copyright © 2021